Asamiya bhasar ruptattva (Record no. 8097)
[ view plain ]
| 000 -LEADER | |
|---|---|
| fixed length control field | 00507cam a2200205ua 4500 |
| 001 - CONTROL NUMBER | |
| control field | 9013 |
| 005 - DATE AND TIME OF LATEST TRANSACTION | |
| control field | 20260515114420.0 |
| 008 - FIXED-LENGTH DATA ELEMENTS--GENERAL INFORMATION | |
| fixed length control field | 150219n ii |||gr||||Z||||||asm |
| 020 ## - INTERNATIONAL STANDARD BOOK NUMBER | |
| International Standard Book Number | 8173394660 |
| 040 ## - CATALOGING SOURCE | |
| Transcribing agency | MAIN |
| 041 ## - LANGUAGE CODE | |
| Language code of text/sound track or separate title | asm |
| 082 ## - DEWEY DECIMAL CLASSIFICATION NUMBER | |
| Classification number | 491.451 |
| 100 ## - MAIN ENTRY--PERSONAL NAME | |
| Personal name | Bora, L. S., |
| Relator term | Author. |
| 245 1# - TITLE STATEMENT | |
| Title | Asamiya bhasar ruptattva |
| Statement of responsibility, etc. | By Lilabati Saikia Bora |
| 250 ## - EDITION STATEMENT | |
| Edition statement | 1st. |
| 260 ## - PUBLICATION, DISTRIBUTION, ETC. | |
| Place of publication, distribution, etc. | Dibrugarh: |
| Name of publisher, distributor, etc. | Banalata, |
| Date of publication, distribution, etc. | 2011. |
| 300 ## - PHYSICAL DESCRIPTION | |
| Extent | 176p. |
| 653 ## - INDEX TERM--UNCONTROLLED | |
| Uncontrolled term | East Indo-European & Celtic languages |
| 942 ## - ADDED ENTRY ELEMENTS (KOHA) | |
| Koha item type | Books |
| Withdrawn status | Lost status | Damaged status | Not for loan | Home library | Current library | Shelving location | Date acquired | Total checkouts | Full call number | Barcode | Date last seen | Date last checked out | Copy number | Price effective from | Koha item type |
|---|---|---|---|---|---|---|---|---|---|---|---|---|---|---|---|
| Naharkatiya College Library | Naharkatiya College Library | General stacks | 09/19/2020 | 6 | 491.451 | BOR | 21017 | 03/27/2026 | 03/18/2026 | 1 | 09/19/2020 | Books | ||||
| Naharkatiya College Library | Naharkatiya College Library | General stacks | 09/19/2020 | 6 | 491.451 | BOR | 21018 | 03/09/2026 | 02/17/2026 | 2 | 09/19/2020 | Books | ||||
| Naharkatiya College Library | Naharkatiya College Library | General stacks | 09/19/2020 | 10 | 491.451 | BOR | 21020 | 11/02/2024 | 10/07/2024 | 3 | 09/19/2020 | Books |